El mundo contemporáneo: historia y problemas

সংরক্ষণ করুন:
গ্রন্থ-পঞ্জীর বিবরন
প্রধান লেখক: Aróstegui, Julio (Author), Buchrucker, Cristian (Author), Saborido, Jorge (Author)
বিন্যাস: গ্রন্থ
ভাষা:স্প্যানিশ
প্রকাশিত: Buenos Aires Biblos 2001
সংস্করন:1a. ed
মালা:Historia
বিষয়গুলি:
ট্যাগগুলো: ট্যাগ যুক্ত করুন
কোনো ট্যাগ নেই, প্রথমজন হিসাবে ট্যাগ করুন!

MARC

LEADER 00000cam a2200000 a 4500
001 UCE5944
003 CL-VaPUC
005 20241210150545.0
008 150312e20010000ag |||||||||||||||||spa|d
999 |c 358459  |d 358457 
020 |a 9789876910507 
040 |c Pontificia Universidad Católica de Valparaíso 
082 0 4 |a 909.8  |b ARO  |2 21 
100 0 |a Aróstegui, Julio  |e author  |9 578604 
245 1 3 |a El mundo contemporáneo: historia y problemas 
250 |a 1a. ed 
260 |a Buenos Aires  |b Biblos  |c 2001 
300 |a t 
490 0 |a Historia 
583 |a last modification  |c 20150312 12:37:00  |k Rodrigo Vera 
650 0 |a Historia universal  |9 266877 
650 0 |a Desarrollo económico y social   |9 256320 
650 0 |a Colonialismo  |9 316469 
650 0 |a Imperialismo  |9 258264 
650 0 |a Guerras Mundiales  |9 318984 
650 7 |a SISTEMAS ECONOMICOS  |2 CL-VaPUC  |9 578607 
700 0 |a Buchrucker, Cristian  |e author  |9 578605 
700 0 |a Saborido, Jorge  |e author  |9 578606 
852 |a BIBCUR 
942 |c BK  |2 ddc 
945 |d 20150312 12:37:00  |a arojas 
952 |0 0  |1 0  |3 erb  |4 0  |6 909_800000000000000_ARO_2001  |7 0  |8 A  |9 467165  |a BIBHIS  |b BIBHIS  |h t.1  |i 5140080  |l 1  |m 1  |o 909.8 ARO 2001  |p 5140080  |r 2025-01-20  |s 2024-03-14  |w 2019-11-23  |y BK  |z Catalogado en:20150312  |k HIS 
952 |0 0  |1 0  |3 erb  |4 0  |6 909_800000000000000_ARO_2001  |7 0  |8 A  |9 467166  |a BIBHIS  |b BIBHIS  |h t.2  |i 5140099  |o 909.8 ARO 2001  |p 5140099  |r 2025-01-20  |w 2019-11-23  |y BK  |z Catalogado en:20150312  |k HIS